[Event "Karposh Open  2012"]
[Site "Skopje MKD"]
[Date "2012.04.08"]
[Round "2.41"]
[White "Vukovic, Ivo"]
[Black "Atanasov, Sande"]
[Result "1-0"]
[WhiteElo "2229"]
[BlackElo "1950"]
[PlyCount "46"]
[EventDate "2012.04.07"]
[EventType "swiss"]
[EventRounds "9"]
[Source "lmi"]
[SourceDate "2012.04.07"]

1. Nf3 d5 2. b3 Nc6 3. Bb2 Bg4 4. e3 Qd7 5. h3 Bh5 6. Be2 Bxf3 7. Bxf3 e5 8. d3
Bb4+ 9. c3 Be7 10. Nd2 f5 11. a3 Nf6 12. Qc2 O-O-O 13. b4 e4 14. Be2 Ne5 15. d4
Ng6 16. g3 h5 17. h4 Nf8 18. c4 Ne6 19. O-O Kb8 20. cxd5 Nxd5 21. Nc4 Bf6 22.
Rfd1 g5 23. hxg5 Nxg5 1-0

[Event "Karposh Open  2012"]
[Site "Skopje MKD"]
[Date "2012.04.08"]
[Round "2.42"]
[White "Ratkovic, Miloje"]
[Black "Bejatovic, Bojana"]
[Result "1-0"]
[WhiteElo "2186"]
[BlackElo "1944"]
[PlyCount "113"]
[EventDate "2012.04.07"]
[EventType "swiss"]
[EventRounds "9"]
[Source "lmi"]
[SourceDate "2012.04.07"]

1. d4 f5 2. Nc3 Nf6 3. Bg5 d5 4. Bxf6 exf6 5. e3 c6 6. Bd3 Bd6 7. Qf3 f4 8.
Qh5+ Kf8 9. O-O-O Be6 10. Nge2 fxe3 11. fxe3 Nd7 12. Rhf1 Qe8 13. Qf3 Ke7 14.
Nf4 Bxf4 15. Qxf4 Qb8 16. Qh4 Qc7 17. e4 Rae8 18. exd5 cxd5 19. Bf5 Kd8 20.
Bxe6 Rxe6 21. Nxd5 Qc6 22. Nf4 Re4 23. Qg3 g5 24. d5 Qa4 25. Ne6+ Ke7 26. Rfe1
Rc8 27. Qd3 Re5 28. Nd4 Rc4 29. Nf3 Rxe1 30. Rxe1+ Kd8 31. Kb1 Rc5 32. Nd4 Qa5
33. c3 Rxd5 34. Ne6+ Kc8 35. Qc4+ Kb8 36. b4 Ne5 37. Rxe5 Rd1+ 38. Kc2 Qa4+ 39.
Qb3 Qd7 40. Nd4 fxe5 41. Qg8+ Kc7 42. Qc4+ Kb8 43. Kxd1 exd4 44. Qxd4 Qxd4+ 45.
cxd4 Kc7 46. Kd2 Kd6 47. Kd3 Kd5 48. g4 a6 49. Ke3 h6 50. Kd3 b6 51. Ke3 a5 52.
bxa5 bxa5 53. Kd3 a4 54. a3 Kd6 55. Kc4 Kc6 56. d5+ Kd6 57. Kd4 1-0

[Event "Karposh Open  2012"]
[Site "Skopje MKD"]
[Date "2012.04.08"]
[Round "2.43"]
[White "Golubovic, Tomislav"]
[Black "Mitkovski, Zarko"]
[Result "0-1"]
[WhiteElo "1944"]
[BlackElo "2185"]
[PlyCount "89"]
[EventDate "2012.04.07"]
[EventType "swiss"]
[EventRounds "9"]
[Source "lmi"]
[SourceDate "2012.04.07"]

1. e4 g6 2. d4 Bg7 3. Nf3 d6 4. Be3 Nf6 5. Bd3 O-O 6. h3 Na6 7. c3 c5 8. Qd2 b6
9. Qe2 Nc7 10. Nbd2 Bb7 11. dxc5 bxc5 12. O-O Rb8 13. Rab1 Qd7 14. Rfd1 Nh5 15.
Nf1 Ne6 16. Qd2 Qc7 17. N1h2 Nf6 18. Bh6 Nxe4 19. Qe3 Nf6 20. Bxg7 Kxg7 21. Ng5
Nxg5 22. Qxg5 c4 23. Bc2 Be4 24. Bxe4 Nxe4 25. Qe3 Nf6 26. Rd4 h5 27. Nf3 Rb5
28. Qe2 d5 29. Re1 Ne4 30. Nh4 Rfb8 31. Rxe4 dxe4 32. Qxe4 R8b7 33. f4 Qc5+ 34.
Kh1 Qf2 35. Nf3 Rxb2 36. Nd4 Qxe1+ 37. Qxe1 Rb1 38. Qxb1 Rxb1+ 39. Kh2 Rc1 40.
Nc6 e6 41. Nxa7 Rxc3 42. Nb5 Rd3 43. a4 c3 44. Na3 Rd2 45. a5 0-1

[Event "Karposh Open  2012"]
[Site "Skopje MKD"]
[Date "2012.04.08"]
[Round "2.44"]
[White "Muratet Casadevall, Albert"]
[Black "Gjorgjevski, Janco"]
[Result "1-0"]
[WhiteElo "2185"]
[BlackElo "1936"]
[PlyCount "37"]
[EventDate "2012.04.07"]
[EventType "swiss"]
[EventRounds "9"]
[Source "lmi"]
[SourceDate "2012.04.07"]

1. e4 c5 2. c3 d5 3. exd5 Qxd5 4. d4 cxd4 5. cxd4 Nc6 6. Nf3 Bg4 7. Be2 Rd8 8.
Nc3 Qa5 9. O-O Nf6 10. h3 Bh5 11. a3 e6 12. Qb3 Rd7 13. Be3 Bd6 14. Rad1 O-O
15. Rd2 a6 16. d5 Nxd5 17. Rxd5 Bh2+ 18. Kxh2 Qc7+ 19. Bf4 1-0

[Event "Karposh Open  2012"]
[Site "Skopje MKD"]
[Date "2012.04.08"]
[Round "2.45"]
[White "Vukelic, Zvonimir"]
[Black "Stamnov, Aleksander"]
[Result "0-1"]
[WhiteElo "1931"]
[BlackElo "2184"]
[PlyCount "40"]
[EventDate "2012.04.07"]
[EventType "swiss"]
[EventRounds "9"]
[Source "lmi"]
[SourceDate "2012.04.07"]

1. e4 e5 2. Nf3 Nc6 3. Bc4 Nf6 4. d3 Bc5 5. Nc3 d6 6. h3 h6 7. Na4 Bb6 8. Nxb6
axb6 9. Be3 Be6 10. Bxe6 fxe6 11. Nh2 Qe7 12. c3 d5 13. exd5 exd5 14. O-O g5
15. Ng4 O-O-O 16. a4 Qe6 17. Nxf6 Qxf6 18. Qg4+ Kb8 19. Ra2 Rdg8 20. g3 h5 0-1

[Event "Karposh Open  2012"]
[Site "Skopje MKD"]
[Date "2012.04.08"]
[Round "2.48"]
[White "Krstev, Emil"]
[Black "Georgieva, Emilia"]
[Result "1-0"]
[WhiteElo "2173"]
[BlackElo "1918"]
[PlyCount "49"]
[EventDate "2012.04.07"]
[EventType "swiss"]
[EventRounds "9"]
[Source "lmi"]
[SourceDate "2012.04.07"]

1. d4 c6 2. Nc3 d5 3. e4 dxe4 4. Nxe4 Bf5 5. Ng3 Bg6 6. Bc4 e6 7. N1e2 Qb6 8.
O-O Nd7 9. c3 O-O-O 10. a4 Qc7 11. b4 Bd6 12. f4 h5 13. Bd3 f5 14. Re1 h4 15.
Nf1 Ngf6 16. Qb3 Nd5 17. c4 Nxf4 18. c5 Nxe2+ 19. Bxe2 Be7 20. b5 Bf6 21. bxc6
Bxd4+ 22. Be3 Nxc5 23. cxb7+ Nxb7 24. Qc4 Bxe3+ 25. Nxe3 1-0

[Event "Karposh Open  2012"]
[Site "Skopje MKD"]
[Date "2012.04.08"]
[Round "2.49"]
[White "Batkoski, Nenad"]
[Black "Stosevski, Ilija"]
[Result "1/2-1/2"]
[WhiteElo "1892"]
[BlackElo "2168"]
[PlyCount "61"]
[EventDate "2012.04.07"]
[EventType "swiss"]
[EventRounds "9"]
[Source "lmi"]
[SourceDate "2012.04.07"]

1. e4 g6 2. d4 Bg7 3. c3 d5 4. exd5 Qxd5 5. Be3 Nf6 6. h3 O-O 7. Nf3 b5 8. a4
c6 9. axb5 cxb5 10. Ra5 a6 11. Nbd2 Bb7 12. Bd3 Nc6 13. Ra1 e5 14. dxe5 Qxd3
15. exf6 Bxf6 16. Nb3 Qf5 17. Nc5 Rad8 18. Qb1 Qc8 19. O-O Rfe8 20. Qa2 a5 21.
Ng5 Ne5 22. Nge4 Bxe4 23. Nxe4 Bg7 24. Bb6 Rd3 25. Rfd1 Rxh3 26. Ng5 Rh5 27. f4
Qb7 28. Bf2 h6 29. fxe5 Rxg5 30. Qd5 Qb8 31. Rxa5 1/2-1/2

[Event "Karposh Open  2012"]
[Site "Skopje MKD"]
[Date "2012.04.08"]
[Round "2.50"]
[White "Andrejic, Vladica"]
[Black "Nikolovski, Nikola"]
[Result "1-0"]
[WhiteElo "2164"]
[BlackElo "1887"]
[PlyCount "56"]
[EventDate "2012.04.07"]
[EventType "swiss"]
[EventRounds "9"]
[Source "lmi"]
[SourceDate "2012.04.07"]

1. d4 Nf6 2. c4 g6 3. Nc3 Bg7 4. e4 d6 5. f4 O-O 6. Nf3 c5 7. d5 e6 8. Be2 exd5
9. cxd5 Bg4 10. e5 Bxf3 11. Bxf3 Re8 12. O-O dxe5 13. fxe5 Rxe5 14. Bf4 Rf5 15.
Qd2 g5 16. Bxg5 Nbd7 17. g4 Re5 18. Bf4 Qb6 19. g5 Ne8 20. Bxe5 Nxe5 21. Rab1
Nd6 22. Kh1 Ndc4 23. Qe2 Qb4 24. Be4 Nd6 25. a3 Qb3 26. Bc2 Qb6 27. Qh5 Ng6 28.
Rf3 Ne5 1-0

[Event "Karposh Open  2012"]
[Site "Skopje MKD"]
[Date "2012.04.08"]
[Round "2.51"]
[White "Petkovski, Vlatko"]
[Black "Franca, Veronika"]
[Result "1/2-1/2"]
[WhiteElo "2160"]
[BlackElo "1863"]
[PlyCount "49"]
[EventDate "2012.04.07"]
[EventType "swiss"]
[EventRounds "9"]
[Source "lmi"]
[SourceDate "2012.04.07"]

1. c4 Nf6 2. Nf3 e6 3. g3 d5 4. d4 Bb4+ 5. Nbd2 O-O 6. Qc2 Nbd7 7. Bg2 c5 8.
cxd5 Nxd5 9. a3 Bxd2+ 10. Bxd2 cxd4 11. Nxd4 N7f6 12. Nf3 b6 13. e4 Ne7 14. Bg5
Nd7 15. Rd1 f6 16. Be3 e5 17. Bh3 Qe8 18. Be6+ Kh8 19. Qa4 Nc5 20. Bxc8 Rxc8
21. Qxa7 Nxe4 22. O-O Nf5 23. Bxb6 Ra8 24. Qb7 Nfd6 25. Qd5 1/2-1/2

[Event "Karposh Open  2012"]
[Site "Skopje MKD"]
[Date "2012.04.08"]
[Round "2.52"]
[White "Chan, Naruna"]
[Black "Koksal, Ege"]
[Result "0-1"]
[WhiteElo "1835"]
[BlackElo "2154"]
[PlyCount "91"]
[EventDate "2012.04.07"]
[EventType "swiss"]
[EventRounds "9"]
[Source "lmi"]
[SourceDate "2012.04.07"]

1. e4 e5 2. Nf3 Nc6 3. Bb5 a6 4. Ba4 Nf6 5. O-O Be7 6. c3 Nxe4 7. Re1 Nc5 8.
Bxc6 dxc6 9. Nxe5 O-O 10. d4 Ne6 11. Be3 Qd6 12. Nd2 b6 13. Ne4 Qd5 14. Ng3 f5
15. f4 Bb7 16. Qc2 c5 17. Rad1 cxd4 18. c4 Qxg2+ 19. Qxg2 Bxg2 20. Kxg2 dxe3
21. Nd7 e2 22. Nxe2 Rfe8 23. Rd5 Rad8 24. Red1 Bd6 25. Nxb6 Rb8 26. Na4 Nc5 27.
Nec3 Nxa4 28. Nxa4 Re2+ 29. Kf3 Rbe8 30. R1d3 R2e4 31. Rxf5 Rxc4 32. Nc3 g6 33.
Rf6 Kg7 34. Rfxd6 cxd6 35. Rxd6 Rb8 36. Ne4 Rbb4 37. Rd7+ Kf8 38. Ng5 Rxf4+ 39.
Ke3 h6 40. Ne6+ Ke8 41. Rd8+ Ke7 42. Nxf4 Kxd8 43. b3 g5 44. Ng2 Ke7 45. h3 Ke6
46. Kd3 0-1

[Event "Karposh Open  2012"]
[Site "Skopje MKD"]
[Date "2012.04.08"]
[Round "2.53"]
[White "Vachev, Vladimir"]
[Black "Vasilevski, Igor"]
[Result "1-0"]
[WhiteElo "2152"]
[BlackElo "1850"]
[PlyCount "95"]
[EventDate "2012.04.07"]
[EventType "swiss"]
[EventRounds "9"]
[Source "lmi"]
[SourceDate "2012.04.07"]

1. Nf3 Nf6 2. c4 c5 3. Nc3 Nc6 4. g3 e5 5. Bg2 d6 6. d3 Be7 7. O-O O-O 8. a3 h6
9. Bd2 Rb8 10. b4 Nd4 11. e3 Nxf3+ 12. Bxf3 b6 13. b5 Bb7 14. Bxb7 Rxb7 15. Qf3
Qc7 16. a4 Rbb8 17. a5 Qb7 18. Qxb7 Rxb7 19. axb6 axb6 20. Ra6 Rfb8 21. Rfa1
Kf8 22. Ra8 Ke8 23. Rxb8+ Rxb8 24. Ra7 Bd8 25. Kg2 Rc8 26. Kf3 Rc7 27. Ra8 Kd7
28. Ne4 Nh7 29. Nxd6 Kxd6 30. Rxd8+ Rd7 31. Rxd7+ Kxd7 32. Bc3 Ng5+ 33. Ke2 f6
34. h4 Ne6 35. h5 Ng5 36. f4 exf4 37. gxf4 Nf7 38. d4 Nd6 39. Kd3 Nf5 40. Be1
Ne7 41. dxc5 bxc5 42. Bh4 Kd6 43. Bg3 Nf5 44. Bf2 Ne7 45. e4 g6 46. e5+ fxe5
47. fxe5+ Kxe5 48. Bxc5 1-0

[Event "Karposh Open  2012"]
[Site "Skopje MKD"]
[Date "2012.04.08"]
[Round "2.54"]
[White "Tairi, Krenar"]
[Black "Krstevski, Vlatko"]
[Result "0-1"]
[WhiteElo "1804"]
[BlackElo "2148"]
[PlyCount "110"]
[EventDate "2012.04.07"]
[EventType "swiss"]
[EventRounds "9"]
[Source "lmi"]
[SourceDate "2012.04.07"]

1. d4 d5 2. c4 c6 3. cxd5 cxd5 4. Nc3 Nf6 5. Bf4 g6 6. Nf3 Bg7 7. e3 O-O 8. h3
Nc6 9. Bd3 Qb6 10. Qe2 Kh8 11. O-O Bf5 12. a3 Rac8 13. Na4 Qd8 14. Nc5 b6 15.
Bxf5 gxf5 16. Nd3 Ne4 17. Nfe5 Nxe5 18. Nxe5 Bxe5 19. Bxe5+ f6 20. Bf4 Qe8 21.
Rfc1 Qg6 22. f3 Ng5 23. Bxg5 Qxg5 24. f4 Qg3 25. Qf2 Qg8 26. Qd2 Qe6 27. Rc3
Rxc3 28. Qxc3 Rc8 29. Qd3 Qe4 30. Qxe4 fxe4 31. Rf1 Kg7 32. Rf2 a5 33. Re2 Kf7
34. Kf2 Ke6 35. Rd2 a4 36. Ke2 h5 37. Kf2 Rc1 38. Ke2 f5 39. h4 Kd6 40. Rd1
Rc2+ 41. Rd2 Rc1 42. Rd1 Rc8 43. Rd2 Rc1 44. Rd1 Rc2+ 45. Rd2 Rc4 46. Kd1 Kc6
47. Rc2 Kb5 48. Re2 Rc8 49. g3 Rg8 50. Rg2 Kc4 51. Kc2 b5 52. Kd2 Kb3 53. Kc1
Ka2 54. Kd1 Kb1 55. Rd2 Rc8 0-1

[Event "Karposh Open  2012"]
[Site "Skopje MKD"]
[Date "2012.04.08"]
[Round "2.55"]
[White "Yurtseven, Melih"]
[Black "Gjeorgjievski, Done"]
[Result "1-0"]
[WhiteElo "2147"]
[BlackElo "1829"]
[PlyCount "61"]
[EventDate "2012.04.07"]
[EventType "swiss"]
[EventRounds "9"]
[Source "lmi"]
[SourceDate "2012.04.07"]

1. e4 Nf6 2. e5 Nd5 3. d4 d6 4. Bc4 Nb6 5. Bb3 dxe5 6. Qh5 g6 7. Qxe5 Rg8 8.
Nf3 Nc6 9. Qf4 e6 10. c3 Nd5 11. Qg3 Bd6 12. Qh3 h5 13. Bg5 Be7 14. Bxe7 Qxe7
15. Ne5 Nxe5 16. dxe5 Qg5 17. O-O Bd7 18. Qg3 Qf5 19. Bxd5 exd5 20. Nd2 O-O-O
21. Qe3 Kb8 22. Nf3 g5 23. Rad1 Qh7 24. Rxd5 h4 25. Rfd1 g4 26. Ne1 Qf5 27. e6
fxe6 28. Rxd7 Rdf8 29. R1d2 g3 30. hxg3 hxg3 31. Qxg3 1-0

[Event "Karposh Open  2012"]
[Site "Skopje MKD"]
[Date "2012.04.08"]
[Round "2.57"]
[White "Karatrajkov, Nikola"]
[Black "Kukov, Tode"]
[Result "0-1"]
[WhiteElo "1770"]
[BlackElo "2112"]
[PlyCount "94"]
[EventDate "2012.04.07"]
[EventType "swiss"]
[EventRounds "9"]
[Source "lmi"]
[SourceDate "2012.04.07"]

1. d4 Nf6 2. c4 e6 3. Nf3 Bb4+ 4. Nc3 c5 5. e3 O-O 6. Qc2 b6 7. Bd3 Bb7 8. Ng5
h6 9. Nge4 d5 10. Nxf6+ Qxf6 11. a3 Bxc3+ 12. bxc3 dxc4 13. Bh7+ Kh8 14. Be4
Bxe4 15. Qxe4 Nd7 16. O-O Qf5 17. Qh4 Nf6 18. f3 cxd4 19. exd4 Nd5 20. Bd2 Qd3
21. Qe1 Rfe8 22. Rd1 Qg6 23. Qe4 Kh7 24. Rfe1 Rad8 25. f4 Qxe4 26. Rxe4 Nf6 27.
Re5 Rd5 28. Rde1 Rxe5 29. fxe5 Nd5 30. a4 a6 31. g4 b5 32. Ra1 Rb8 33. axb5
axb5 34. Rc1 Ra8 35. Kf1 Ra2 36. Ke1 Ra3 37. Kd1 g5 38. Be1 Ra2 39. Bd2 Kg6 40.
Rc2 Ra1+ 41. Rc1 Rxc1+ 42. Kxc1 Nf4 43. Kb2 Nd3+ 44. Ka3 f5 45. exf6 Kxf6 46.
Be3 Ke7 47. Bg1 Kd6 0-1

[Event "Karposh Open  2012"]
[Site "Skopje MKD"]
[Date "2012.04.08"]
[Round "2.58"]
[White "Arizanov, Tome"]
[Black "Nikolovska, Dragana"]
[Result "0-1"]
[WhiteElo "2108"]
[BlackElo "1773"]
[PlyCount "62"]
[EventDate "2012.04.07"]
[EventType "swiss"]
[EventRounds "9"]
[Source "lmi"]
[SourceDate "2012.04.07"]

1. Nf3 Nf6 2. g3 b5 3. Bg2 Bb7 4. O-O e6 5. b3 c5 6. c3 Be7 7. Na3 b4 8. Nc2
O-O 9. c4 a5 10. d3 a4 11. Bd2 d5 12. Nfe1 Qb6 13. Rb1 axb3 14. axb3 Nbd7 15.
h3 Ra2 16. g4 dxc4 17. dxc4 Bxg2 18. Nxg2 Rd8 19. Qc1 Ne4 20. Rd1 Bf6 21. f3
Nxd2 22. Rxd2 Bc3 23. Rd1 Qc7 24. Kf2 Ne5 25. Rxd8+ Qxd8 26. Qd1 Qxd1 27. Rxd1
Kf8 28. Nge1 Ke7 29. f4 Nc6 30. Rb1 Na5 31. e4 Bxe1+ 0-1

[Event "Karposh Open  2012"]
[Site "Skopje MKD"]
[Date "2012.04.08"]
[Round "2.59"]
[White "Mihtis, Theodoros"]
[Black "Arat, Ufuk Sezen"]
[Result "0-1"]
[WhiteElo "1746"]
[BlackElo "2089"]
[PlyCount "46"]
[EventDate "2012.04.07"]
[EventType "swiss"]
[EventRounds "9"]
[Source "lmi"]
[SourceDate "2012.04.07"]

1. d4 Nf6 2. Bf4 d6 3. Nf3 Nbd7 4. e3 Nh5 5. Bg5 h6 6. Bh4 g5 7. Nfd2 Ndf6 8.
Be2 Ng7 9. Bg3 Nf5 10. c4 Bg7 11. Nc3 e6 12. Rc1 Qe7 13. O-O h5 14. h3 g4 15.
h4 Nh7 16. c5 Nxg3 17. fxg3 dxc5 18. dxc5 Qxc5 19. Qa4+ Bd7 20. Qf4 O-O 21.
Nce4 Qe5 22. Qf2 Bc6 23. Nc5 Bd5 0-1

[Event "Karposh Open  2012"]
[Site "Skopje MKD"]
[Date "2012.04.08"]
[Round "2.60"]
[White "Ljangov, Petar"]
[Black "Konstantinov, Aleksandar"]
[Result "1/2-1/2"]
[WhiteElo "2089"]
[BlackElo "1748"]
[PlyCount "68"]
[EventDate "2012.04.07"]
[EventType "swiss"]
[EventRounds "9"]
[Source "lmi"]
[SourceDate "2012.04.07"]

1. e4 e6 2. d4 d5 3. Nc3 Nf6 4. Bg5 dxe4 5. Nxe4 Be7 6. Bxf6 gxf6 7. Nf3 Nd7 8.
g3 b6 9. Bg2 Bb7 10. Qe2 O-O 11. O-O c5 12. dxc5 Nxc5 13. Nxc5 Bxc5 14. Rad1
Qc7 15. Nh4 Bxg2 16. Nxg2 Kh8 17. Rd3 Rad8 18. Rfd1 Rxd3 19. Rxd3 Rd8 20. Nf4
Rxd3 21. Nxd3 Be7 22. Nf4 Qc5 23. Qh5 Qxh5 24. Nxh5 h6 25. Kf1 Kh7 26. Nf4 Bd6
27. Nd3 Kg6 28. Ke2 e5 29. Ke3 f5 30. f3 h5 31. c4 a5 32. b3 f6 33. Ke2 Kg5 34.
Nf2 h4 1/2-1/2

[Event "Karposh Open  2012"]
[Site "Skopje MKD"]
[Date "2012.04.08"]
[Round "2.61"]
[White "Lakinska, Simona"]
[Black "Okilj, Tigran"]
[Result "0-1"]
[WhiteElo "1690"]
[BlackElo "2083"]
[PlyCount "56"]
[EventDate "2012.04.07"]
[EventType "swiss"]
[EventRounds "9"]
[Source "lmi"]
[SourceDate "2012.04.07"]

1. e4 g6 2. d4 Bg7 3. Nf3 d6 4. Nc3 Nf6 5. h3 c5 6. dxc5 Qa5 7. Bd2 Qxc5 8. Bd3
O-O 9. O-O a6 10. Qc1 Rd8 11. Bh6 Bh8 12. Be3 Qc7 13. Na4 Nbd7 14. Nc3 b5 15.
a3 Bb7 16. Re1 Nc5 17. Bd4 e5 18. Bxc5 dxc5 19. Qe3 Rd4 20. Nd2 Rad8 21. Rad1
Bc6 22. f3 Nh5 23. Bf1 Bf6 24. Qf2 Qe7 25. g3 Nxg3 26. Qg2 Nh5 27. Bd3 c4 28.
Bf1 Bh4 0-1

[Event "Karposh Open  2012"]
[Site "Skopje MKD"]
[Date "2012.04.08"]
[Round "2.62"]
[White "Hadzi - Manev, Ljubomir"]
[Black "Nikolov, Kole"]
[Result "1-0"]
[WhiteElo "2067"]
[BlackElo "1715"]
[PlyCount "89"]
[EventDate "2012.04.07"]
[EventType "swiss"]
[EventRounds "9"]
[Source "lmi"]
[SourceDate "2012.04.07"]

1. d4 d5 2. Nf3 Nf6 3. c4 c6 4. e3 Bg4 5. Qb3 Qc7 6. Nc3 e6 7. Bd2 Be7 8. Rc1
Qb6 9. c5 Qc7 10. Bd3 Nbd7 11. Qc2 e5 12. dxe5 Nxe5 13. Nxe5 Qxe5 14. Ne2 Bxe2
15. Bxe2 Ne4 16. Bb4 a5 17. Ba3 O-O 18. O-O a4 19. Bd3 f5 20. Rce1 Bd8 21. g3
Qe6 22. f3 Ng5 23. h4 Nf7 24. Bxf5 Qh6 25. f4 Bxh4 26. gxh4 Qxh4 27. Qh2 Qxh2+
28. Kxh2 Nh6 29. Be6+ Kh8 30. Bb4 Rf6 31. f5 Ng4+ 32. Kg3 h5 33. Bc3 Rh6 34.
Rf4 Kh7 35. Kh4 a3 36. b3 Rb8 37. Kg3 b5 38. Kh3 Rf8 39. Bd4 Re8 40. Kg3 Re7
41. Rh1 b4 42. Rh4 g5 43. fxg6+ Kxg6 44. Bf5+ Kf7 45. Bxg4+ 1-0

[Event "Karposh Open  2012"]
[Site "Skopje MKD"]
[Date "2012.04.08"]
[Round "2.63"]
[White "Peev, Kosta"]
[Black "Matijevic, Filip"]
[Result "0-1"]
[WhiteElo "1625"]
[BlackElo "2061"]
[PlyCount "56"]
[EventDate "2012.04.07"]
[EventType "swiss"]
[EventRounds "9"]
[Source "lmi"]
[SourceDate "2012.04.07"]

1. d4 Nf6 2. Nf3 g6 3. Bf4 Bg7 4. h3 O-O 5. e3 d6 6. Be2 b6 7. Nbd2 Bb7 8. O-O
Nbd7 9. Bh2 c5 10. c3 Qc7 11. Rc1 Rac8 12. Bd3 Rfe8 13. Re1 e5 14. dxe5 dxe5
15. e4 Rcd8 16. Qe2 Nh5 17. Bc4 Bc6 18. Bd5 Nf4 19. Bxf4 exf4 20. Qc4 Re7 21.
Ng5 Ne5 22. Qe2 Bxd5 23. exd5 Rxd5 24. Nc4 Nc6 25. Qf3 Rxg5 26. Rxe7 Nxe7 27.
Qa8+ Qc8 28. Qf3 Qc6 0-1

[Event "Karposh Open  2012"]
[Site "Skopje MKD"]
[Date "2012.04.08"]
[Round "2.64"]
[White "Savoglou, Nikolaos"]
[Black "Lampsas, Georgios"]
[Result "1-0"]
[WhiteElo "2055"]
[BlackElo "1660"]
[PlyCount "44"]
[EventDate "2012.04.07"]
[EventType "swiss"]
[EventRounds "9"]
[Source "lmi"]
[SourceDate "2012.04.07"]

1. d4 Nf6 2. c4 g6 3. Nc3 Bg7 4. e4 d6 5. h3 Nbd7 6. Be3 c5 7. d5 O-O 8. Nf3 a6
9. a4 h6 10. Bd3 Kh7 11. O-O Ng8 12. Re1 Ne5 13. Nxe5 Bxe5 14. f4 Bg7 15. e5 b6
16. Bf2 e6 17. Qe2 Qc7 18. Bg3 Bd7 19. Ne4 dxe5 20. d6 Qb7 21. fxe5 f5 22. Nc3
Bc6 1-0

[Event "Karposh Open  2012"]
[Site "Skopje MKD"]
[Date "2012.04.08"]
[Round "2.66"]
[White "Spirliadis, Achileas"]
[Black "Irakleidis, Christos"]
[Result "1-0"]
[WhiteElo "2053"]
[BlackElo "1523"]
[PlyCount "35"]
[EventDate "2012.04.07"]
[EventType "swiss"]
[EventRounds "9"]
[Source "lmi"]
[SourceDate "2012.04.07"]

1. e4 e6 2. d4 d5 3. Nc3 Bb4 4. e5 c5 5. Bd2 Bxc3 6. bxc3 Ne7 7. Qg4 Nbc6 8.
Qxg7 Rg8 9. Qxh7 cxd4 10. cxd4 Nxd4 11. Ne2 Nxe2 12. Bxe2 Qc7 13. f4 Rxg2 14.
Bh5 Nf5 15. O-O-O Ne3 16. Bxe3 Qc3 17. Qxf7+ Kd8 18. Qf8+ 1-0

[Event "Karposh Open  2012"]
[Site "Skopje MKD"]
[Date "2012.04.08"]
[Round "3.2"]
[White "Mastrovasilis, Athanasios"]
[Black "Georgiev, Kiril"]
[Result "0-1"]
[WhiteElo "2510"]
[BlackElo "2671"]
[PlyCount "68"]
[EventDate "2012.04.07"]
[EventType "swiss"]
[EventRounds "9"]
[Source "lmi"]
[SourceDate "2012.04.07"]

1. d4 Nf6 2. c4 c5 3. d5 b5 4. cxb5 a6 5. bxa6 Bxa6 6. Nc3 d6 7. Nf3 g6 8. e4
Bxf1 9. Kxf1 Bg7 10. h3 O-O 11. Kg1 Nbd7 12. Kh2 Qa5 13. Re1 Rfb8 14. Re2 Ne8
15. Rc2 Nc7 16. Bd2 Qa6 17. Kg1 Rb4 18. a3 Bxc3 19. Bxc3 Rxe4 20. Qd2 Nb5 21.
Qh6 Nxc3 22. Ng5 Nf8 23. bxc3 Re2 24. Rxe2 Qxe2 25. Nf3 Qb2 26. Re1 Ra7 27. Re3
Qa2 28. Ng5 Qxd5 29. Rf3 e6 30. Qh4 f5 31. Re3 e5 32. Nf3 Rxa3 33. Qe7 Ra1+ 34.
Kh2 e4 0-1

[Event "Karposh Open  2012"]
[Site "Skopje MKD"]
[Date "2012.04.08"]
[Round "3.3"]
[White "Ivanisevic, Ivan"]
[Black "Drenchev, Petar"]
[Result "1/2-1/2"]
[WhiteElo "2645"]
[BlackElo "2499"]
[PlyCount "86"]
[EventDate "2012.04.07"]
[EventType "swiss"]
[EventRounds "9"]
[Source "lmi"]
[SourceDate "2012.04.07"]

1. d4 Nf6 2. c4 g6 3. Nc3 d5 4. Bg5 Ne4 5. h4 Bg7 6. e3 c5 7. cxd5 Nxc3 8. bxc3
Qxd5 9. Qf3 Qxf3 10. Nxf3 Nc6 11. Rb1 O-O 12. Bd3 h6 13. Bf4 cxd4 14. cxd4 b6
15. O-O Bb7 16. d5 Na5 17. e4 f5 18. g3 e6 19. Rfe1 fxe4 20. Bxe4 Bxd5 21. Bxd5
exd5 22. Rbd1 Rad8 23. Nd4 Rfe8 24. Rxe8+ Rxe8 25. Nb5 d4 26. Nxa7 Nc4 27. Kf1
Ra8 28. Nc6 Nb2 29. Re1 Nd3 30. Rd1 Nb2 31. Re1 Nd3 32. Rd1 Ra3 33. Bd6 Rc3 34.
Bb4 Rxc6 35. Rxd3 Kf7 36. Ke2 Ke6 37. Rb3 Rc2+ 38. Bd2 Rxa2 39. Rxb6+ Kf7 40.
Rb7+ Kg8 41. Rd7 h5 42. Rd8+ Kf7 43. Rd7+ Kg8 1/2-1/2

[Event "Karposh Open  2012"]
[Site "Skopje MKD"]
[Date "2012.04.08"]
[Round "3.6"]
[White "Likavsky, Tomas"]
[Black "Solak, Dragan"]
[Result "1/2-1/2"]
[WhiteElo "2486"]
[BlackElo "2602"]
[PlyCount "67"]
[EventDate "2012.04.07"]
[EventType "swiss"]
[EventRounds "9"]
[Source "lmi"]
[SourceDate "2012.04.07"]

1. d4 d5 2. c4 c6 3. Nf3 Nf6 4. e3 a6 5. Bd3 Bg4 6. Nbd2 e6 7. Qc2 dxc4 8. Nxc4
Bxf3 9. gxf3 c5 10. dxc5 Bxc5 11. a3 Nc6 12. b4 Be7 13. Bb2 b5 14. Nd2 Rc8 15.
Qb3 O-O 16. Rc1 Ne5 17. Be2 Rxc1+ 18. Bxc1 Qd6 19. f4 Ng6 20. Nf3 Nd5 21. Bb2
Bf6 22. Bxf6 Nxf6 23. O-O e5 24. Rd1 Qb8 25. fxe5 Nxe5 26. Qc3 Ng6 27. Rc1 Ne7
28. Qe5 Qd8 29. Qc7 Qe8 30. Qe5 Qd7 31. Nd4 Ng6 32. Qg5 Qd8 33. Rc5 Re8 34. Nf3
1/2-1/2

[Event "Karposh Open  2012"]
[Site "Skopje MKD"]
[Date "2012.04.08"]
[Round "3.7"]
[White "Damljanovic, Branko"]
[Black "Arnaudov, G  Petar"]
[Result "1/2-1/2"]
[WhiteElo "2582"]
[BlackElo "2476"]
[PlyCount "86"]
[EventDate "2012.04.07"]
[EventType "swiss"]
[EventRounds "9"]
[Source "lmi"]
[SourceDate "2012.04.07"]

1. d4 Nf6 2. c4 e6 3. Nf3 Nc6 4. g3 d5 5. Bg2 dxc4 6. O-O Rb8 7. Nc3 b5 8. Ne5
Nxe5 9. dxe5 Nd7 10. a4 b4 11. Nb5 Bc5 12. Bf4 Bb7 13. Bxb7 Rxb7 14. h4 h6 15.
h5 O-O 16. e3 Nb6 17. Qg4 Kh8 18. Rfd1 Qe7 19. Qf3 Nd5 20. Rxd5 exd5 21. Qxd5
c6 22. Qxc6 f6 23. Nd6 Rc7 24. exf6 Rxf6 25. Qe8+ Rf8 26. Qxe7 Rxe7 27. Nxc4
Rf5 28. g4 Rxf4 29. exf4 Re2 30. Ne5 Rxf2 31. Kh1 Bd4 32. Ng6+ Kg8 33. Rd1 Bf6
34. Rd7 Rxb2 35. Rb7 a5 36. Rb5 Rd2 37. g5 hxg5 38. fxg5 Bxg5 39. Rxg5 b3 40.
Rf5 Kh7 41. Rf1 b2 42. Ne5 Rc2 43. Nd3 Rd2 1/2-1/2

[Event "Karposh Open  2012"]
[Site "Skopje MKD"]
[Date "2012.04.08"]
[Round "3.9"]
[White "Yemelin, Vasily"]
[Black "Nestorovic, Nikola"]
[Result "1/2-1/2"]
[WhiteElo "2567"]
[BlackElo "2462"]
[PlyCount "45"]
[EventDate "2012.04.07"]
[EventType "swiss"]
[EventRounds "9"]
[Source "lmi"]
[SourceDate "2012.04.07"]

1. e4 e5 2. Nf3 Nc6 3. Bb5 Nf6 4. d3 Bc5 5. Bxc6 dxc6 6. O-O Nd7 7. Be3 Bxe3 8.
fxe3 Qe7 9. Nbd2 c5 10. Qe1 b6 11. a4 a5 12. Qg3 f6 13. Nh4 g6 14. Qh3 Rf8 15.
Rf2 Bb7 16. Raf1 O-O-O 17. b3 Kb8 18. g4 Rg8 19. Nc4 h6 20. Qg3 Rde8 21. h3 Rg7
22. Kh2 Rh8 23. Rg1 1/2-1/2